Krátkodobá prognóza ekonomického rastu

Prognóza vývoja HDP. Tradičné indikátory. Index priemyselnej produkcie. Nové zákazky. Tržby za vlastné výkony a tovar. Viaczložkový indikátor tržieb. Indikátory dôvery. Odvetvové a sektorové indikátory dôvery. Zložený kvalitatívny ukazovateľ ŠÚ SR. Viaczložkový kvalitatívny ukazovateľ. Kompozitné in...

Descrizione completa

Salvato in:
Dettagli Bibliografici
Autore principale: Vladová, Anna
Altri autori: Donoval, Milan
Natura: Capitolo di libro
Lingua:slovacco
Soggetti:
Tags: Aggiungi Tag
Nessun Tag, puoi essere il primo ad aggiungerne!!

MARC

LEADER 00000naa$a2200000$$$4500
001 0038402
005 20231116082754.4
041 0 |a slo 
044 |a SK 
245 1 0 |a Krátkodobá prognóza ekonomického rastu  |c Anna Vladová, Milan Donoval 
520 |a Prognóza vývoja HDP. Tradičné indikátory. Index priemyselnej produkcie. Nové zákazky. Tržby za vlastné výkony a tovar. Viaczložkový indikátor tržieb. Indikátory dôvery. Odvetvové a sektorové indikátory dôvery. Zložený kvalitatívny ukazovateľ ŠÚ SR. Viaczložkový kvalitatívny ukazovateľ. Kompozitné indikátory. Špeciálne indikátory. 
610 2 0 |a rast hospodársky 
610 2 0 |a prognózy krátkodobé 
610 2 0 |a produkt domáci hrubý 
610 2 0 |a ukazovatele 
610 2 0 |a ukazovatele ekonomické 
610 2 0 |a produkcia 
610 2 0 |a zákazky 
610 2 0 |a tržby 
610 2 0 |a ukazovatele štatistické 
610 2 0 |a ukazovatele kvalitatívne 
610 2 0 |a Slovensko 
100 1 |a Vladová, Anna 
700 1 |a Donoval, Milan